LEADER 00812nam2 2200241 450 001 000036393 005 20241120124215.0 100 $a20240301d19431943km-y0itay50------ba 101 0 $aita 102 $aIT 105 $ay-------001yy 200 1 $aStatistica economica$edinamica dei prezzi-salari e costo della vita-bilanci di famiglia-indici dello stato e del progresso economico$fCorrado Gini 210 $aMilano$cGiuffrè$d1943 215 $a146 p.$cill.$d24cm 225 2 $aTrattato elementare di statistica$v5 410 0$12001 461 1$1001000036392$1Statistica economica 700 1$aGini,$bCorrado$067725 801 0$aIT$bUNIPARTHENOPE$c20240301$gRICA$2UNIMARC 912 $a000036393 951 $aDIP I-0419 [I]$b122EXSA$cNAVA2$d2024 996 $aStatistica economica$94150377 997 $aUNIPARTHENOPE